000 00586nam a22001937a 4500
001 3679
003 FISKH
005 20240409102954.0
008 240409b cb ||||| |||| 00| 0 fre d
040 _aFISKH
_beng
_cFISKH
_dFISKH
050 _aDS341.E85
082 _a303.482405400903
100 _aMargolin, Jean-Louis
245 _aLes Indes et l'Europe /
_bhistoires connectées, XVe-XXIe siècles
260 _aParis
_bGallimard,
_c2015
300 _a962 pages :
_c18 cm
520 _aThis is a history of European and south east Asian interactions and influence.
942 _2lcc
_cBK
_n0
999 _c3679
_d3679